[Event "2. Bundesliga West 2012/13"]
[Site "Rum"]
[Date "2012.12.01"]
[Round "5"]
[Board "4"]
[White "Zoister, Stefan"]
[Black "Blaas, Hansjoerg"]
[Result "1-0"]
[WhiteElo "2203"]
[BlackElo "2259"]
[PlyCount "91"]
[EventDate "2012.10.05"]
[EventType "team"]
[EventRounds "11"]
[EventCountry "AUT"]
[WhiteTeam "ATSV Ranshofen"]
[BlackTeam "Schwaz"]

1. e4 c5 2. Nf3 Nc6 3. d4 cxd4 4. Nxd4 e5 5. Nb5 a6 6. N5c3 Bc5 7. Nd5 Qh4 8.
Be3 Bxe3 9. Nxe3 Qxe4 10. Nc3 Qh4 11. Nc4 b5 12. Nd6+ Kf8 13. Qd5 Qe7 14. O-O-O
Nf6 15. Qc5 g6 16. Nd5 Nxd5 17. Rxd5 Kg7 18. g3 Rb8 19. Bg2 Qe6 20. Re1 f6 21.
f4 Rf8 22. Kb1 Bb7 23. Nxb7 Rxb7 24. Rd6 Qf5 25. Bxc6 dxc6 26. Rxc6 e4 27. Qe3
Rd8 28. Rxa6 Qg4 29. Kc1 Rbd7 30. Ra7 Rxa7 31. Qxa7+ Rd7 32. Qc5 Qe6 33. Qxb5
Re7 34. b3 e3 35. Qe2 Qd6 36. Rd1 Qa3+ 37. Kb1 Qa8 38. Rd3 Qh1+ 39. Kb2 Qg1 40.
a4 h5 41. Rd1 Qf2 42. Qxf2 exf2 43. Rf1 Re2 44. Kc3 g5 45. fxg5 fxg5 46. Kd3
1-0

[Event "2. Bundesliga West 2012/13"]
[Site "Rum"]
[Date "2012.12.01"]
[Round "5"]
[Board "5"]
[White "Gruber, Michael"]
[Black "Knechtel, Roland"]
[Result "0-1"]
[WhiteElo "2155"]
[BlackElo "2217"]
[PlyCount "98"]
[EventDate "2012.10.05"]
[EventType "team"]
[EventRounds "11"]
[EventCountry "AUT"]
[WhiteTeam "Schwaz"]
[BlackTeam "ATSV Ranshofen"]

1. e4 c6 2. d4 d5 3. Nd2 dxe4 4. Nxe4 Bf5 5. Ng3 Bg6 6. Nf3 Nd7 7. Bd3 e6 8.
O-O Ngf6 9. c3 Qc7 10. Bg5 Bd6 11. Re1 Bxd3 12. Qxd3 O-O 13. Ne4 Be7 14. Nxf6+
Bxf6 15. Bxf6 Nxf6 16. Nd2 Rfd8 17. Ne4 Nxe4 18. Qxe4 Rd5 19. Re3 Rad8 20. Rae1
h6 21. Qf3 Ra5 22. a3 Qb6 23. Qe2 Qb3 24. c4 Qb6 25. c5 Qb5 26. Re4 Qxe2 27.
R1xe2 Ra4 28. Rd2 Rc4 29. Kf1 Rxc5 30. dxc5 Rxd2 31. Rb4 Rd7 32. h4 f6 33. Ke2
Kf7 34. Ke3 e5 35. g4 g6 36. Ra4 a6 37. Rb4 Ke6 38. b3 Kd5 39. Rc4 f5 40. f3
Rf7 41. Ke2 e4 42. h5 gxh5 43. gxf5 exf3+ 44. Kxf3 Rxf5+ 45. Ke3 Rg5 46. Rb4
Rg7 47. Rh4 Rg3+ 48. Kd2 Rxb3 49. Rxh5+ Kc4 0-1

[Event "2. Bundesliga West 2012/13"]
[Site "Rum"]
[Date "2012.12.01"]
[Round "5"]
[Board "2"]
[White "Eisenbeiser, Amadeus"]
[Black "Gatterer, Florian"]
[Result "1-0"]
[WhiteElo "2384"]
[BlackElo "2267"]
[PlyCount "61"]
[EventDate "2012.10.05"]
[EventType "team"]
[EventRounds "11"]
[EventCountry "AUT"]
[WhiteTeam "Goetzis"]
[BlackTeam "Rochade Rum"]

1. e4 c6 2. d4 d5 3. Nc3 b5 4. Bd3 b4 5. Nce2 dxe4 6. Bxe4 Nf6 7. Bf3 e6 8. Ng3
Bd6 9. N1e2 Qc7 10. O-O Nbd7 11. c4 bxc3 12. Nxc3 O-O 13. h3 Ba6 14. Re1 Bc4
15. b3 Bd5 16. Nge4 Bb4 17. Bd2 Qb6 18. Nxd5 cxd5 19. Bxb4 Qxb4 20. Qd2 Rab8
21. Nc3 Rfc8 22. Rac1 a5 23. Qd3 Rc7 24. Rc2 Rbc8 25. Rec1 g6 26. g3 Kg7 27.
Ne2 Rxc2 28. Rxc2 Qe1+ 29. Kg2 Qb1 30. Nc3 Qa1 31. Qd2 1-0

[Event "2. Bundesliga West 2012/13"]
[Site "Rum"]
[Date "2012.12.01"]
[Round "5"]
[Board "3"]
[White "Hengl, Christian"]
[Black "Mittelberger, Peter"]
[Result "1/2-1/2"]
[WhiteElo "2231"]
[BlackElo "2217"]
[PlyCount "100"]
[EventDate "2012.10.05"]
[EventType "team"]
[EventRounds "11"]
[EventCountry "AUT"]
[WhiteTeam "Rochade Rum"]
[BlackTeam "Goetzis"]

1. e4 d6 2. Nc3 g6 3. g3 Bg7 4. Bg2 c5 5. d3 Nc6 6. f4 e6 7. Nf3 Nge7 8. O-O
O-O 9. Be3 b6 10. Bf2 Bb7 11. Qd2 Qd7 12. Rae1 Rae8 13. Kh1 Nd4 14. Nd1 Nxf3
15. Bxf3 d5 16. Qe2 dxe4 17. dxe4 Qa4 18. c4 Qxa2 19. Qc2 Bc6 20. Re2 Nf5 21.
Bxc5 Nxg3+ 22. hxg3 bxc5 23. e5 Qa6 24. Nc3 Bxf3+ 25. Rxf3 Qxc4 26. Ne4 Qxc2
27. Rxc2 f6 28. exf6 Bxf6 29. Rd3 e5 30. Nxf6+ Rxf6 31. Re3 Rfe6 32. Rce2 e4
33. Rc2 Rc6 34. Rc4 Rb6 35. b3 Rb5 36. Kg2 Re7 37. Kf2 Kf7 38. Ke2 Kf6 39. Rec3
Reb7 40. g4 Rxb3 41. Rxc5 Rxc3 42. Rxc3 Ke6 43. Ke3 Kd5 44. Ra3 Re7 45. Ra4 Kc6
46. f5 gxf5 47. gxf5 Kd5 48. Ra5+ Kd6 49. f6 Rf7 50. Kxe4 Rxf6 1/2-1/2

[Event "2. Bundesliga West 2012/13"]
[Site "Rum"]
[Date "2012.12.01"]
[Round "5"]
[Board "4"]
[White "Engelhart, Achim"]
[Black "Hoellrigl, Wilfried"]
[Result "1/2-1/2"]
[WhiteElo "2130"]
[BlackElo "2199"]
[PlyCount "65"]
[EventDate "2012.10.05"]
[EventType "team"]
[EventRounds "11"]
[EventCountry "AUT"]
[WhiteTeam "Goetzis"]
[BlackTeam "Rochade Rum"]

1. e4 c5 2. Nf3 Nc6 3. d4 cxd4 4. Nxd4 Nf6 5. Nc3 e5 6. Ndb5 d6 7. Bg5 a6 8.
Na3 b5 9. Bxf6 gxf6 10. Nd5 Bg7 11. c3 f5 12. exf5 Bxf5 13. Nc2 Be6 14. g3 Ne7
15. Bg2 Nxd5 16. Bxd5 O-O 17. O-O Rc8 18. Ne3 Rc5 19. Qb3 Bxd5 20. Nxd5 Kh8 21.
Rad1 f5 22. f4 e4 23. Rd2 a5 24. a3 Qb8 25. Rfd1 Qa7 26. Kg2 h5 27. Re1 Qf7 28.
Qd1 Rd8 29. Re3 Kg8 30. Re1 Kf8 31. Re3 Kg8 32. Re1 Kf8 33. Re3 1/2-1/2

[Event "2. Bundesliga West 2012/13"]
[Site "Rum"]
[Date "2012.12.01"]
[Round "5"]
[Board "5"]
[White "Jedinger, Andreas"]
[Black "Scheffknecht, Philipp"]
[Result "1-0"]
[WhiteElo "2174"]
[BlackElo "2065"]
[PlyCount "93"]
[EventDate "2012.10.05"]
[EventType "team"]
[EventRounds "11"]
[EventCountry "AUT"]
[WhiteTeam "Rochade Rum"]
[BlackTeam "Goetzis"]

1. c4 e5 2. Nc3 Nf6 3. Nf3 Nc6 4. d4 exd4 5. Nxd4 Bc5 6. e3 O-O 7. Be2 Re8 8.
O-O Ne5 9. a3 Bf8 10. b4 a5 11. Rb1 axb4 12. axb4 d6 13. h3 Bd7 14. Bb2 c6 15.
Qb3 Qe7 16. Ra1 Ng6 17. Nf3 Ne4 18. Nxe4 Qxe4 19. Bd3 Qe7 20. Qc2 Rec8 21. Bc3
Qd8 22. Qb2 Nh4 23. Nxh4 Qxh4 24. Rxa8 Rxa8 25. Ra1 Re8 26. Qe2 Re6 27. Qf3 Rh6
28. Ra7 Be6 29. Qf4 Qe7 30. Qg3 Rh4 31. Rxb7 Rxh3 32. Rxe7 Rxg3 33. Rxe6 Rxg2+
34. Kxg2 fxe6 35. b5 cxb5 36. cxb5 d5 37. Be5 Bc5 38. Bc7 Kf7 39. b6 g6 40. b7
Ba7 41. b8=Q Bxb8 42. Bxb8 Kf6 43. f4 h6 44. Be5+ Kf7 45. Kf3 g5 46. fxg5 hxg5
47. Kg4 1-0

[Event "2. Bundesliga West 2012/13"]
[Site "Rum"]
[Date "2012.12.01"]
[Round "5"]
[Board "6"]
[White "Becker, Matthias"]
[Black "Moroder, Stefan"]
[Result "1/2-1/2"]
[WhiteElo "2018"]
[BlackElo "2112"]
[PlyCount "224"]
[EventDate "2012.10.05"]
[EventType "team"]
[EventRounds "11"]
[EventCountry "AUT"]
[WhiteTeam "Goetzis"]
[BlackTeam "Rochade Rum"]

1. e4 c5 2. Nf3 d6 3. d4 cxd4 4. Nxd4 Nf6 5. Nc3 a6 6. Bc4 e6 7. Bb3 Be7 8. f4
Qc7 9. f5 e5 10. Nf3 h6 11. g4 Nbd7 12. g5 hxg5 13. Nxg5 Rf8 14. Be3 b5 15. Qe2
Bb7 16. O-O-O Rc8 17. Rhg1 b4 18. Nd5 Bxd5 19. Bxd5 Nxd5 20. Rxd5 Nf6 21. Rd2
Qc6 22. Bf2 Rh8 23. h4 Qc4 24. Qxc4 Rxc4 25. b3 Rxe4 26. Nxe4 Nxe4 27. Re2 Nxf2
28. Rxf2 Bxh4 29. Rf3 Rh5 30. Kd1 Bg5 31. Ke2 Ke7 32. Rg4 a5 33. Rc4 Kd7 34. c3
bxc3 35. Rfxc3 Bd8 36. Rf3 Bb6 37. Rg4 Rh2+ 38. Kd1 Rxa2 39. Rxg7 Ke7 40. f6+
Ke6 41. Rg8 Kd5 42. Rf8 Ke4 43. Rh3 Rf2 44. Rxf7 Be3 45. Ke1 d5 46. Rf8 Rf4 47.
Rh5 Kd3 48. Rh2 a4 49. bxa4 Rg4 50. Rh1 Rxa4 51. Kf1 Rf4+ 52. Kg2 d4 53. f7 Ke2
54. Rh7 d3 55. Ra8 d2 56. Ra2 Rf1 57. Rh5 Rf2+ 58. Kg3 e4 59. Rh4 Rxf7 60. Rxe4
Kd3 61. Rxd2+ Kxe4 62. Ra2 Rg7+ 63. Kh4 Bf4 64. Ra4+ Kf5 65. Ra5+ Be5 66. Kh3
Rg3+ 67. Kh4 Rg2 68. Ra3 Rh2+ 69. Rh3 Rg2 70. Rb3 Bf4 71. Rb5+ Ke4 72. Rb4+ Kf3
73. Rb3+ Be3 74. Kh5 Rg5+ 75. Kh4 Rg6 76. Rb5 Rh6+ 77. Rh5 Rb6 78. Ra5 Rb8 79.
Kh5 Rg8 80. Kh4 Bd2 81. Rb5 Ke4 82. Rc5 Kd4 83. Rb5 Ke3 84. Rg5 Rh8+ 85. Rh5
Rc8 86. Kg5 Ke4+ 87. Kg6 Rc6+ 88. Kf7 Bf4 89. Rh4 Kf5 90. Rh5+ Bg5 91. Rh1 Rc7+
92. Ke8 Bf6 93. Re1 Rh7 94. Re2 Be5 95. Kd8 Ke6 96. Kc8 Rc7+ 97. Kd8 Rb7 98.
Rc2 Ra7 99. Kc8 Kd5 100. Kd8 Bf4 101. Rc3 Kd6 102. Rd3+ Ke6 103. Kc8 Rc7+ 104.
Kd8 Rb7 105. Rc3 Be5 106. Rc2 Rb1 107. Rc4 Bd6 108. Rc2 Rb4 109. Re2+ Kd5 110.
Rd2+ Kc6 111. Rc2+ Bc5 112. Ke8 Rb7 1/2-1/2

[Event "2. Bundesliga West 2012/13"]
[Site "Rum"]
[Date "2012.12.01"]
[Round "5"]
[Board "1"]
[White "Serafimov, Tervel"]
[Black "Prusikin, Michael"]
[Result "1/2-1/2"]
[WhiteElo "2425"]
[BlackElo "2543"]
[PlyCount "60"]
[EventDate "2012.10.05"]
[EventType "team"]
[EventRounds "11"]
[EventCountry "AUT"]
[WhiteTeam "Bregenz"]
[BlackTeam "SIR Bernhard"]

1. g3 d5 2. Bg2 e5 3. d3 Nc6 4. c3 h6 5. d4 Nf6 6. Nf3 Bd6 7. dxe5 Nxe5 8. Nxe5
Bxe5 9. c4 d4 10. O-O O-O 11. Nd2 Bd6 12. Nb3 c5 13. e3 dxe3 14. Bxe3 Qc7 15.
Qf3 Ng4 16. Bf4 Rb8 17. Bxd6 Qxd6 18. Rad1 Qc7 19. Rfe1 b6 20. Nc1 Nf6 21. Ne2
Bg4 22. Qc3 Rfe8 23. Bf3 Bxf3 24. Qxf3 Re5 25. Nc3 Rbe8 26. Rxe5 Qxe5 27. Kg2
g6 28. Rd2 Kg7 29. b3 Qg5 30. Re2 Rxe2 1/2-1/2

[Event "2. Bundesliga West 2012/13"]
[Site "Rum"]
[Date "2012.12.01"]
[Round "5"]
[Board "2"]
[White "Geske, Julian"]
[Black "Weindl, Alfred"]
[Result "1-0"]
[WhiteElo "2391"]
[BlackElo "2329"]
[PlyCount "81"]
[EventDate "2012.10.05"]
[EventType "team"]
[EventRounds "11"]
[EventCountry "AUT"]
[WhiteTeam "SIR Bernhard"]
[BlackTeam "Bregenz"]

1. e4 c5 2. Nf3 Nc6 3. d4 cxd4 4. Nxd4 Nf6 5. Nc3 d6 6. Bc4 e6 7. O-O Be7 8.
Bb3 O-O 9. Be3 Nxd4 10. Bxd4 Bd7 11. f4 Bc6 12. Qe2 Qa5 13. f5 e5 14. Bf2 b5
15. a3 b4 16. axb4 Qxb4 17. Ra6 Qb7 18. Rfa1 Bd8 19. Rxa7 Bb6 20. Bxf7+ Kh8 21.
Rxa8 Bxf2+ 22. Qxf2 Rxa8 23. Rxa8+ Qxa8 24. h3 Bxe4 25. Nxe4 Qxe4 26. c4 h5 27.
Kh2 Qb7 28. Bxh5 Nxh5 29. Qh4 Qf7 30. g4 g6 31. gxh5 gxf5 32. h6 e4 33. Qg5 e3
34. Qxe3 Qxc4 35. Qc3+ Qxc3 36. bxc3 Kh7 37. Kg3 Kxh6 38. Kf4 Kg6 39. c4 Kf6
40. h4 Kg6 41. h5+ 1-0

[Event "2. Bundesliga West 2012/13"]
[Site "Rum"]
[Date "2012.12.01"]
[Round "5"]
[Board "3"]
[White "Dobosz, Henryk"]
[Black "Drabke, Lorenz"]
[Result "0-1"]
[WhiteElo "2385"]
[BlackElo "2411"]
[PlyCount "68"]
[EventDate "2012.10.05"]
[EventType "team"]
[EventRounds "11"]
[EventCountry "AUT"]
[WhiteTeam "Bregenz"]
[BlackTeam "SIR Bernhard"]

1. d4 d5 2. c4 c6 3. e3 Bf5 4. Nc3 e6 5. Nf3 Nd7 6. Bd3 Bg6 7. e4 dxe4 8. Nxe4
Ngf6 9. Qe2 Bxe4 10. Bxe4 Bb4+ 11. Bd2 Bxd2+ 12. Nxd2 Nxe4 13. Qxe4 Qb6 14.
O-O-O Rd8 15. Qe3 O-O 16. Kb1 e5 17. Nf3 exd4 18. Rxd4 Rfe8 19. Qf4 Re2 20. Rd2
Rde8 21. Rhd1 Qxf2 22. Rxe2 Rxe2 23. Qb8+ Nf8 24. Qxb7 Qxg2 25. Qb3 h6 26. a3
Ne6 27. Ka2 Nc5 28. Qb8+ Kh7 29. Nd4 Rf2 30. Rb1 Qe4 31. Qd6 Na4 32. Ka1 c5 33.
Nc6 Nc3 34. Rc1 Qc2 0-1

[Event "2. Bundesliga West 2012/13"]
[Site "Rum"]
[Date "2012.12.01"]
[Round "5"]
[Board "4"]
[White "Mons, Leon"]
[Black "Bezler, Rainer"]
[Result "1-0"]
[WhiteElo "2338"]
[BlackElo "2242"]
[PlyCount "51"]
[EventDate "2012.10.05"]
[EventType "team"]
[EventRounds "11"]
[EventCountry "AUT"]
[WhiteTeam "SIR Bernhard"]
[BlackTeam "Bregenz"]

1. e4 e5 2. Nf3 Nc6 3. Bc4 Bc5 4. c3 Qe7 5. d4 Bb6 6. Ng5 Nh6 7. d5 Nb8 8. a4
a6 9. a5 Ba7 10. d6 Qxd6 11. Qxd6 cxd6 12. Bd5 Nc6 13. Nd2 Ne7 14. Nc4 Nxd5 15.
exd5 f5 16. b3 Bc5 17. f4 e4 18. b4 Ba7 19. Ba3 Ke7 20. b5 Bc5 21. Bxc5 dxc5
22. d6+ Kf6 23. Nb6 Ra7 24. h4 g6 25. Nd5+ Kg7 26. b6 1-0

[Event "2. Bundesliga West 2012/13"]
[Site "Rum"]
[Date "2012.12.01"]
[Round "5"]
[Board "5"]
[White "Poettinger, Harald"]
[Black "Schramm, Christian"]
[Result "1/2-1/2"]
[WhiteElo "2238"]
[BlackElo "2391"]
[PlyCount "62"]
[EventDate "2012.10.05"]
[EventType "team"]
[EventRounds "11"]
[EventCountry "AUT"]
[WhiteTeam "Bregenz"]
[BlackTeam "SIR Bernhard"]

1. c4 e5 2. g3 Nc6 3. Nc3 Bc5 4. Bg2 a6 5. e3 d6 6. Nge2 Ba7 7. d4 Nge7 8. d5
Nb8 9. e4 h5 10. h4 Nd7 11. O-O Nf6 12. Qd3 Ng4 13. Nd1 b5 14. b3 Bd7 15. Kh1
Ng6 16. Bg5 f6 17. Bd2 Nf8 18. f3 Nh6 19. Be3 Qb8 20. Rc1 Nf7 21. c5 dxc5 22.
Bxc5 b4 23. Rf2 Bxc5 24. Rxc5 Qb6 25. Qe3 Nd6 26. Nc1 Nb5 27. Ne2 Ra7 28. Rc2
Qb8 29. Nb2 Ng6 30. Qc5 a5 31. Nc4 Kf7 1/2-1/2

[Event "2. Bundesliga West 2012/13"]
[Site "Rum"]
[Date "2012.12.01"]
[Round "5"]
[Board "1"]
[White "Breder, Dennis"]
[Black "Schmidt, Georg"]
[Result "1/2-1/2"]
[WhiteElo "2438"]
[BlackElo "2347"]
[PlyCount "74"]
[EventDate "2012.10.05"]
[EventType "team"]
[EventRounds "11"]
[EventCountry "AUT"]
[WhiteTeam "Hohenems II"]
[BlackTeam "Mozart-Wals-Treuhand"]

1. e4 e6 2. d4 d5 3. Nd2 Nf6 4. Bd3 dxe4 5. Nxe4 Nbd7 6. Qe2 c5 7. Nxc5 Nxc5 8.
dxc5 Bxc5 9. Bg5 Qa5+ 10. Bd2 Qb6 11. O-O-O Bd7 12. Nf3 Ng4 13. Rhf1 Nxf2 14.
Ne5 Nxd1 15. Kxd1 Qxb2 16. Qh5 g6 17. Nxg6 hxg6 18. Qxc5 Rc8 19. Qd6 Qb6 20.
Qe5 Rh7 21. Bg5 Rc5 22. Qb8+ Bc8 23. Be3 Qc7 24. Qxa7 Rd5 25. h3 e5 26. Ke2 Ra5
27. Bb6 Rxa7 28. Bxc7 Rxa2 29. Bxe5 Rh5 30. Bf6 Rc5 31. Rf4 Bf5 32. Rd4 Bxd3+
33. Kxd3 Rc8 34. Re4+ Kf8 35. Rh4 Ke8 36. Re4+ Kf8 37. Rh4 Ke8 1/2-1/2

[Event "2. Bundesliga West 2012/13"]
[Site "Rum"]
[Date "2012.12.01"]
[Round "5"]
[Board "3"]
[White "Baldauf, Marco"]
[Black "Hanel, Reinhard"]
[Result "1/2-1/2"]
[WhiteElo "2376"]
[BlackElo "2286"]
[PlyCount "92"]
[EventDate "2012.10.05"]
[EventType "team"]
[EventRounds "11"]
[EventCountry "AUT"]
[WhiteTeam "Hohenems II"]
[BlackTeam "Mozart-Wals-Treuhand"]

1. e4 c5 2. Nf3 Nc6 3. Bb5 g6 4. Bxc6 dxc6 5. h3 Bg7 6. d3 e5 7. Be3 Qe7 8. Qd2
Nf6 9. Nc3 Nd7 10. Bh6 f6 11. Nh2 Nf8 12. Ne2 Ne6 13. Bxg7 Qxg7 14. f4 Bd7 15.
fxe5 fxe5 16. O-O O-O-O 17. Qc3 b6 18. Rf2 Rhf8 19. Raf1 Rxf2 20. Rxf2 h5 21.
Nf3 Nd4 22. Nexd4 exd4 23. Qd2 Rf8 24. Ng5 Rxf2 25. Qxf2 Qe7 26. Qf4 b5 27. e5
Bf5 28. g4 hxg4 29. hxg4 Be6 30. b3 Bd5 31. Qf6 Kd7 32. a3 c4 33. b4 cxd3 34.
cxd3 c5 35. bxc5 Qxc5 36. e6+ Kc7 37. Qf4+ Kb7 38. Qe5 Qc1+ 39. Kf2 Qd2+ 40.
Kg3 Qg2+ 41. Kh4 Qf2+ 42. Qg3 Qf6 43. Qe1 Qh8+ 44. Kg3 Qb8+ 45. Kh4 Qh8+ 46.
Kg3 Qb8+ 1/2-1/2

[Event "2. Bundesliga West 2012/13"]
[Site "Rum"]
[Date "2012.12.01"]
[Round "5"]
[Board "4"]
[White "Peterwagner, Heinz"]
[Black "Gaertner, Guntram"]
[Result "1/2-1/2"]
[WhiteElo "2129"]
[BlackElo "2331"]
[PlyCount "185"]
[EventDate "2012.10.05"]
[EventType "team"]
[EventRounds "11"]
[EventCountry "AUT"]
[WhiteTeam "Mozart-Wals-Treuhand"]
[BlackTeam "Hohenems II"]

1. e4 c5 2. Ne2 e6 3. g3 d5 4. Nbc3 d4 5. Nb1 d3 6. cxd3 Nc6 7. d4 Nxd4 8. Nxd4
Qxd4 9. Nc3 Ne7 10. d3 Nc6 11. Be3 Qd8 12. f4 Be7 13. Qd2 O-O 14. Rd1 Qa5 15.
Bg2 Rd8 16. a3 b5 17. e5 Bb7 18. O-O Rd7 19. Qf2 b4 20. Ne4 Nd4 21. axb4 Qxb4
22. Rc1 Rad8 23. Rc4 Qb6 24. Rd1 Nb3 25. Nxc5 Nxc5 26. Bxc5 Bxc5 27. Qxc5 Qxb2
28. Rc2 Qb3 29. Bxb7 Qxb7 30. d4 Qe4 31. Rcd2 Qe3+ 32. Kg2 h5 33. h4 Rb7 34.
Qc2 Rb3 35. Rd3 Qe4+ 36. Kf2 Rdb8 37. Qe2 Rb2 38. R3d2 Rxd2 39. Rxd2 Qh1 40.
Qf3 Qc1 41. Qd1 Qc3 42. Qc2 Qa1 43. Rd1 Qa5 44. Qe2 Qd5 45. Rd2 a5 46. Qf3
Qxf3+ 47. Kxf3 Rb3+ 48. Kf2 a4 49. d5 exd5 50. Rxd5 a3 51. Ra5 g6 52. Ra6 Rb2+
53. Kf3 Rb3+ 54. Kf2 Kf8 55. Ra7 Ke8 56. Kg2 Kf8 57. Kh3 Rc3 58. Ra4 Ke7 59.
Ra6 Rb3 60. Ra4 Ke6 61. Ra7 Rc3 62. Ra6+ Kd5 63. Ra7 Ke4 64. Rxf7 Kf3 65. Ra7
Kf2 66. e6 Rxg3+ 67. Kh2 Rg2+ 68. Kh3 Rg1 69. Kh2 Re1 70. e7 Re6 71. Rxa3 Rxe7
72. Rg3 Re6 73. Rg5 Rf6 74. f5 gxf5 75. Rxh5 f4 76. Ra5 Re6 77. Ra2+ Kf3 78.
Kh3 Re2 79. Ra4 Re1 80. Ra2 Rh1+ 81. Rh2 Rg1 82. h5 Ke3 83. Ra2 Rg8 84. Ra3+
Kf2 85. Ra2+ Ke3 86. Ra3+ Ke4 87. Ra4+ Kf5 88. Ra5+ Kf6 89. Ra6+ Kg5 90. Rg6+
Rxg6 91. hxg6 Kxg6 92. Kg4 Kf6 93. Kxf4 1/2-1/2

[Event "2. Bundesliga West 2012/13"]
[Site "Rum"]
[Date "2012.12.01"]
[Round "5"]
[Board "5"]
[White "Kessler, Luca"]
[Black "Hamberger, Hermann"]
[Result "1-0"]
[WhiteElo "2242"]
[BlackElo "2114"]
[PlyCount "109"]
[EventDate "2012.10.05"]
[EventType "team"]
[EventRounds "11"]
[EventCountry "AUT"]
[WhiteTeam "Hohenems II"]
[BlackTeam "Mozart-Wals-Treuhand"]

1. d4 Nf6 2. c4 c5 3. d5 e6 4. Nc3 exd5 5. cxd5 Bd6 6. Nf3 Bc7 7. e4 d6 8. h3
a6 9. Bd3 Nbd7 10. O-O O-O 11. Re1 Re8 12. Bf4 Ne5 13. Nxe5 dxe5 14. Be3 Qd6
15. a4 Ba5 16. Bd2 Bd7 17. Qe2 Rab8 18. Kh1 Bxc3 19. Bxc3 b5 20. axb5 axb5 21.
f4 c4 22. Bc2 exf4 23. Qf3 b4 24. Bd2 Ra8 25. Rxa8 Rxa8 26. e5 Qxd5 27. exf6
Qxf3 28. gxf3 c3 29. bxc3 bxc3 30. Bxc3 Rc8 31. Rd1 Bc6 32. Be4 Ba4 33. Rd6 g6
34. Bd2 g5 35. Kh2 Bb3 36. Bd5 Bxd5 37. Rxd5 h6 38. h4 Kh7 39. hxg5 Rc2 40.
gxh6 Kxh6 41. Kh3 Kg6 42. Kg4 Kxf6 43. Bxf4 Rg2+ 44. Bg3 Ke6 45. Rd6+ Ke7 46.
Ra6 Kf8 47. f4 Kg7 48. Kf3 Rb2 49. Bf2 Rb3+ 50. Ke4 Rb5 51. Bd4+ Kh7 52. Be5
Rb1 53. Kf5 Rg1 54. Ra8 Rg5+ 55. fxg5 1-0

[Event "2. Bundesliga West 2012/13"]
[Site "Rum"]
[Date "2012.12.01"]
[Round "5"]
[Board "6"]
[White "Hicker, Harald"]
[Black "Sandholzer, Robert"]
[Result "0-1"]
[WhiteElo "2107"]
[BlackElo "2155"]
[PlyCount "68"]
[EventDate "2012.10.05"]
[EventType "team"]
[EventRounds "11"]
[EventCountry "AUT"]
[WhiteTeam "Mozart-Wals-Treuhand"]
[BlackTeam "Hohenems II"]

1. d4 Nf6 2. c4 e6 3. Nc3 Bb4 4. Qc2 c5 5. a3 Bxc3+ 6. bxc3 O-O 7. e4 Nc6 8.
Nf3 b6 9. Bd3 Ne8 10. e5 f5 11. d5 Na5 12. Bg5 Qc7 13. Be7 Rf7 14. Ng5 Rxe7 15.
d6 Nxd6 16. exd6 Qxd6 17. O-O Qf4 18. Nh3 Qh4 19. f4 Bb7 20. Rae1 Qf6 21. Re3
Rae8 22. Rfe1 Ba6 23. Qe2 g6 24. Nf2 Qxc3 25. Bxf5 Bxc4 26. Rxc3 Bxe2 27. Bxg6
hxg6 28. Rxe2 Kg7 29. Ne4 d5 30. Ng5 e5 31. fxe5 Rxe5 32. Rxe5 Rxe5 33. Nf3 d4
34. Rd3 Rd5 0-1

[Event "2. Bundesliga West 2012/13"]
[Site "Rum"]
[Date "2012.12.01"]
[Round "5"]
[Board "1"]
[White "Besner, Bernhard"]
[Black "Lanka, Zigurds"]
[Result "1/2-1/2"]
[WhiteElo "2182"]
[BlackElo "2422"]
[PlyCount "60"]
[EventDate "2012.10.05"]
[EventType "team"]
[EventRounds "11"]
[EventCountry "AUT"]
[WhiteTeam "ASK 1"]
[BlackTeam "Zillertal"]

1. e4 c5 2. c3 Nf6 3. e5 Nd5 4. d4 cxd4 5. Nf3 Nc6 6. cxd4 d6 7. Bc4 dxe5 8.
dxe5 Ndb4 9. a3 Qxd1+ 10. Kxd1 Na6 11. b4 Nc7 12. Nbd2 h6 13. Bb2 Be6 14. Bxe6
Nxe6 15. b5 Nb8 16. Rc1 Nd7 17. Nb3 Nf4 18. Rc4 Nd5 19. e6 fxe6 20. Re1 N7b6
21. Rd4 Rg8 22. Nc5 Nc7 23. Nxe6 Nxe6 24. Rxe6 g5 25. Rde4 Rd8+ 26. Ke2 Rd5 27.
a4 Nc8 28. Ba3 g4 29. Nd4 Kd7 30. Nc2 Nd6 1/2-1/2

[Event "2. Bundesliga West 2012/13"]
[Site "Rum"]
[Date "2012.12.01"]
[Round "5"]
[Board "2"]
[White "Maiwald, Jens-Uwe"]
[Black "Harringer, Franz"]
[Result "1/2-1/2"]
[WhiteElo "2462"]
[BlackElo "2214"]
[PlyCount "76"]
[EventDate "2012.10.05"]
[EventType "team"]
[EventRounds "11"]
[EventCountry "AUT"]
[WhiteTeam "Zillertal"]
[BlackTeam "ASK 1"]

1. d4 d5 2. c4 Nc6 3. Nc3 dxc4 4. d5 Ne5 5. Qd4 Ng6 6. Qxc4 a6 7. Qb3 Nf6 8. e4
Qd6 9. Nf3 b5 10. Bg5 e5 11. Nd2 Be7 12. a4 bxa4 13. Qxa4+ Bd7 14. Bb5 O-O 15.
Bxd7 Nxd7 16. Be3 Nf4 17. O-O Nc5 18. Qc4 Rfb8 19. Ra2 Ncd3 20. Bxf4 Nxf4 21.
g3 Rb4 22. Qc6 Qxc6 23. dxc6 Ng6 24. Nd5 Rd4 25. b3 Bd6 26. Nc4 Ne7 27. Nxe7+
Bxe7 28. Rfa1 Rxe4 29. Rxa6 Re1+ 30. Rxe1 Rxa6 31. Nxe5 f6 32. Nf3 Bc5 33. Rc1
Ba7 34. Rc2 Ra3 35. Nd2 Kf7 36. b4 Ke6 37. b5 Kd5 38. Nc4 Rb3 1/2-1/2

[Event "2. Bundesliga West 2012/13"]
[Site "Rum"]
[Date "2012.12.01"]
[Round "5"]
[Board "3"]
[White "Juergens, Klaus"]
[Black "Hausner, Ivan"]
[Result "1-0"]
[WhiteElo "2170"]
[BlackElo "2408"]
[PlyCount "135"]
[EventDate "2012.10.05"]
[EventType "team"]
[EventRounds "11"]
[EventCountry "AUT"]
[WhiteTeam "ASK 1"]
[BlackTeam "Zillertal"]

1. Nf3 d6 2. d4 Nf6 3. c4 Nbd7 4. Nc3 e5 5. g3 c6 6. e4 Qa5 7. Bd2 exd4 8. Nxd4
Qb6 9. Be3 Ne5 10. h3 d5 11. Nb3 Qc7 12. cxd5 Bb4 13. Bg2 cxd5 14. exd5 Nc4 15.
O-O O-O 16. Bf4 Qb6 17. Qe2 Qa6 18. a3 Bd6 19. Bxd6 Nxd6 20. Qxa6 bxa6 21. Na5
Rb8 22. b4 Bd7 23. Rfe1 Rfe8 24. Nc6 Rb7 25. Na4 Rc7 26. Nc5 Bc8 27. Rxe8+
Ndxe8 28. Re1 Kf8 29. g4 h6 30. f4 Nd6 31. Ne5 Re7 32. Kf2 Nfe8 33. Rc1 Rc7 34.
Ke3 Re7 35. Kd3 Rc7 36. Nc6 Nf6 37. Bf3 Bb7 38. a4 Ke8 39. Nxb7 Rxb7 40. Kd4 a5
41. b5 Rc7 42. Rc3 Nc8 43. Nxa5 Rxc3 44. Kxc3 Nb6 45. Kd4 Nxa4 46. Nc6 Kd7 47.
Nxa7 Ne8 48. Bd1 Nb6 49. Nc6 Nd6 50. Ne5+ Kc7 51. Be2 Na4 52. Bd3 f6 53. Ng6
Kd7 54. Nf8+ Ke7 55. Ne6 g5 56. fxg5 hxg5 57. Nc5 Nb6 58. Ne4 Nxe4 59. Bxe4 Kd6
60. Bg2 Nc8 61. Kc4 Nb6+ 62. Kb4 Nd7 63. Ka5 Kc5 64. Be4 Nb6 65. Ka6 Nc4 66.
Bg6 Nb6 67. d6 Nd7 68. Bf5 1-0

[Event "2. Bundesliga West 2012/13"]
[Site "Rum"]
[Date "2012.12.01"]
[Round "5"]
[Board "5"]
[White "Herrmann, Michael"]
[Black "Platzgummer, Fabian"]
[Result "0-1"]
[WhiteElo "2149"]
[BlackElo "2311"]
[PlyCount "172"]
[EventDate "2012.10.05"]
[EventType "team"]
[EventRounds "11"]
[EventCountry "AUT"]
[WhiteTeam "ASK 1"]
[BlackTeam "Zillertal"]

1. c4 e6 2. Nf3 d5 3. g3 Nf6 4. Bg2 dxc4 5. Qa4+ Nbd7 6. Qxc4 c5 7. O-O b6 8.
b3 Bb7 9. Bb2 Bd6 10. d3 O-O 11. Nbd2 Qe7 12. Ne4 Nxe4 13. dxe4 Rfd8 14. Rfd1
Rac8 15. Rd2 Bc7 16. Rad1 Nb8 17. Qc3 f6 18. Qc4 Ba6 19. Qc2 Nc6 20. e3 Rxd2
21. Rxd2 Rd8 22. a3 Rxd2 23. Qxd2 Qd6 24. Bf1 Bb7 25. Qxd6 Bxd6 26. Bc4 Kf7 27.
Nd2 Ke7 28. Kf1 h6 29. h3 Be5 30. Bxe5 Nxe5 31. Be2 Bc6 32. f3 b5 33. Ke1 a5
34. Kd1 Kd6 35. Kc2 Nd7 36. Kb2 Nb6 37. Bd1 Bd7 38. Bc2 e5 39. h4 Be6 40. Bd1
Kc6 41. Bc2 b4 42. axb4 cxb4 43. Bd1 Kc5 44. f4 Bd7 45. fxe5 fxe5 46. Bc2 Bg4
47. Kc1 Be2 48. Kb2 Bb5 49. Nf3 Kd6 50. Bd1 Be8 51. Nd2 Kc5 52. Kc1 Bd7 53. Kb2
a4 54. bxa4 Bxa4 55. Be2 Nd7 56. Nf3 Bb5 57. Bd1 Bd3 58. Nd2 Nf6 59. Bf3 Kb5
60. Kb3 Nd7 61. Kb2 Nc5 62. Ka2 Bc4+ 63. Kb2 Na4+ 64. Kc2 Nc3 65. Bh5 Kc5 66.
Nxc4 Kxc4 67. Bf7+ Kb5 68. Bd5 Kc5 69. Bb7 Ne2 70. g4 g5 71. hxg5 hxg5 72. Bd5
Nc3 73. Bb7 Kb5 74. Bd5 Na4 75. Bf7 Nc5 76. Be8+ Kb6 77. Bg6 Ka5 78. Kb2 Kb5
79. Kc2 Ka4 80. Kb2 b3 81. Bf7 Kb4 82. Bd5 Nd3+ 83. Kb1 Kc3 84. Be6 Nb4 85. Bd5
Nc2 86. Be6 b2 0-1